000 01539nam0a2200349 4500
001 RU\NLR\bibl\1353809
005 20260406003839.0
010 _a978-5-377-02364-7
_95000
021 _aRU
_b2009-7688
_9441
021 _aRU
_b2009-94149
_95965
035 _a(NLR Aleph) 001338873
090 _a847917
_c847917
100 _a20090408d2009 |||y0rusy50 ca
101 0 _arus
102 _aRU
105 _ay |||||||||
200 1 _aРусский язык
_eвыполнение заданий части А
_eтеоретический материал, подробные разборы заданий, варианты экзаменационных заданий
_e[учебно-методическое пособие]
_fГ.Т. Егораева, В.И. Петрова
210 _aМосква
_cЭкзамен
_d2009
215 _a253 с.
_d20
225 1 _aЕГЭ. 100 баллов
320 _aБиблиогр.: с. 253 (9 назв.)
606 1 _aРусский язык
_xЕдиный государственный экзамен
_92282424
_3RU\NLR\auth\661367388
686 _aЧ426.131(2)-285
686 _aШ141.12-922.1[11]
686 _aШ141.12-925.3
700 1 _aЕгораева
_bГ. Т.
_gГалина Тимофеевна
_4070
701 1 _4070
_7ca
_8rus
_aПетрова
_bВ. И.
_cпедагог, русский язык
_gВалентина Ивановна
_996294
_3RU\NLR\auth\77113369
801 0 _aRU
_bNLR
_c20090408
_gRCR
801 1 _aRU
_bNLR
_c20090408
942 _cBOOK
980 _aNB